000 00385nam a22001457a 4500
999 _c114958
_d114958
005 20191213120715.0
008 191207b ||||| |||| 00| 0 eng d
040 _cPK-LaUMT
082 _a346.0134
_bZEE-W
100 _aZeeshan Manzoor
245 _aWomen and the related laws /
_cby Zeeshan Manzoor
260 _aKarachi :
_bMega Publishers,
_c2014
300 _a436 p.
942 _cBK